Quit smoking: (Record no. 54719)
[ view plain ]
| 000 -LEADER | |
|---|---|
| fixed length control field | 01680nam a22002657a 4500 |
| 005 - DATE AND TIME OF LATEST TRANSACTION | |
| control field | 20110802155611.0 |
| 010 ## - LCCN (DPL NO) | |
| LC control number | B-427565-569 |
| 020 ## - INTERNATIONAL STANDARD BOOK NUMBER | |
| International Standard Book Number | 8189766295 |
| Terms of availability | 250.00 |
| 020 ## - INTERNATIONAL STANDARD BOOK NUMBER | |
| International Standard Book Number | 9788189766290 |
| Terms of availability | 250.00 |
| 035 ## - SYSTEM CONTROL NUMBER | |
| System control number | B-427565-569 |
| 082 ## - DEWEY DECIMAL CLASSIFICATION NUMBER | |
| Classification number | 616.86506 |
| 100 ## - MAIN ENTRY--PERSONAL NAME | |
| Personal name | Jindal Surinder K |
| 245 ## - TITLE STATEMENT | |
| Title | Quit smoking: |
| Remainder of title | why and how / |
| Statement of responsibility, etc | by Surinder K Jindal. |
| 260 ## - PUBLICATION, DISTRIBUTION, ETC. (IMPRINT) | |
| Place of publication, distribution, etc | New Delhi |
| Name of publisher, distributor, etc | Vitasta Publishing |
| Date of publication, distribution, etc | 2011. |
| 270 ## - ADDRESS | |
| Address | 2/15, Ansari Road, |
| City | New Delhi |
| Postal code | 110002 |
| 300 x# - PHYSICAL DESCRIPTION | |
| Extent | xi, 217p. |
| Dimensions | 22 cm (Pbk) |
| 500 ## - GENERAL NOTE | |
| General note | Includes bibliographical references |
| 942 ## - ADDED ENTRY ELEMENTS (KOHA) | |
| Source of classification or shelving scheme | Dewey Decimal Classification |
| Item type | English Books |
| Classification part | 616.86506 |
| Call number suffix | JIN |
| Withdrawn status | Lost status | Not for loan | Collection code | Home library | Current library | Date acquired | Source of acquisition | Cost, normal purchase price | Full call number | Barcode | Copy number | Cost, replacement price | Koha item type |
|---|---|---|---|---|---|---|---|---|---|---|---|---|---|
| Non-fiction | Bawana | Bawana | 05/08/2011 | Virtuous Publications/86/24.3.11/74/4.3.11/29.3.11 | 250.00 | 616.86506 JIN | B-427568 | 1 | 250.00 | English Books | |||
| Non-fiction | Central Library | Central Library | 05/08/2011 | Virtuous Publications/86/24.3.11/74/4.3.11/29.3.11 | 250.00 | 616.86506 JIN | B-427565 | 1 | 250.00 | English Books | |||
| Non-fiction | Patel Nagar | Patel Nagar | 05/08/2011 | Virtuous Publications/86/24.3.11/74/4.3.11/29.3.11 | 250.00 | 616.86506 JIN | B-427566 | 1 | 250.00 | English Books | |||
| Non-fiction | Sarojini Nagar | Sarojini Nagar | 05/08/2011 | Virtuous Publications/86/24.3.11/74/4.3.11/29.3.11 | 250.00 | 616.86506 JIN | B-427567 | 1 | 250.00 | English Books | |||
| Non-fiction | Shahdara Branch | Shahdara Branch | 05/08/2011 | Virtuous Publications/86/24.3.11/74/4.3.11/29.3.11 | 250.00 | 616.86506 JIN | B-427569 | 1 | 250.00 | English Books |
